Rodolfo Llinás : (Registro nro. 29788)
[ vista simple ]
| 000 -LEADER | |
|---|---|
| fixed length control field | 01312nam a22002537a 4500 |
| 003 - CONTROL NUMBER IDENTIFIER | |
| control field | OSt |
| 005 - DATE AND TIME OF LATEST TRANSACTION | |
| control field | 20221213112757.0 |
| 008 - FIXED-LENGTH DATA ELEMENTS--GENERAL INFORMATION | |
| fixed length control field | 221213s2017 ck o|||gr|||| 00| 0bspa d |
| 020 ## - INTERNATIONAL STANDARD BOOK NUMBER | |
| International Standard Book Number | 9789585425408 |
| 040 ## - CATALOGING SOURCE | |
| Original cataloging agency | CO-JMCR |
| Transcribing agency | CO-JMCR |
| 041 0# - LANGUAGE CODE | |
| Language code of text/sound track or separate title | spa |
| 082 04 - DEWEY DECIMAL CLASSIFICATION NUMBER | |
| Edition number | 23 |
| Classification number | 926.12809861 / |
| Item number | C824r |
| 100 1# - MAIN ENTRY--PERSONAL NAME | |
| Personal name | Correa Torres, Pablo, |
| Relator term | autor |
| 9 (RLIN) | 42500 |
| 245 10 - TITLE STATEMENT | |
| Title | Rodolfo Llinás : |
| Remainder of title | la pregunta difícil / |
| Statement of responsibility, etc. | Pablo Correa |
| 250 ## - EDITION STATEMENT | |
| Edition statement | Primera edición |
| 260 ## - PUBLICATION, DISTRIBUTION, ETC. | |
| Place of publication, distribution, etc. | Bogotá : |
| Name of publisher, distributor, etc. | Aguilar, |
| Date of publication, distribution, etc. | 2017 |
| 300 ## - PHYSICAL DESCRIPTION | |
| Extent | 169 páginas : |
| Other physical details | fotografías a color ; |
| Dimensions | 24 cm |
| 500 ## - GENERAL NOTE | |
| General note | Incluye datos biográficos del autor |
| 505 0# - FORMATTED CONTENTS NOTE | |
| Formatted contents note | Un problema del carajo -- El gran viaje -- Nostalgia bogotana -- Descerebrando gatos -- Ciegos que ven -- El mundo según las ranas -- Amor entre neuronas -- Una historia de 400 millones de años -- El llamado de la Gran Manzana -- Arañas venenosas en Arizona -- la telepatía de las neuronas -- La parábola del dinosaurio -- Trepanando cráneos con Jeanmonod -- El mito del yo -- Nanoburbujas -- El experimento prohibido -- Ratones a la carta -- Cuando la cola se encuentra con la cabeza |
| 600 14 - SUBJECT ADDED ENTRY--PERSONAL NAME | |
| Personal name | Llinás Riascos, Rodolfo, |
| Dates associated with a name | 1934- |
| Form subdivision | Biografías |
| 9 (RLIN) | 42501 |
| 650 14 - SUBJECT ADDED ENTRY--TOPICAL TERM | |
| Topical term or geographic name entry element | Neurocientíficos |
| Geographic subdivision | Colombia |
| Form subdivision | Biografías |
| 9 (RLIN) | 42502 |
| 650 14 - SUBJECT ADDED ENTRY--TOPICAL TERM | |
| Topical term or geographic name entry element | Cerebro |
| General subdivision | Investigaciones |
| 9 (RLIN) | 42503 |
| 942 ## - ADDED ENTRY ELEMENTS (KOHA) | |
| Source of classification or shelving scheme | Dewey Decimal Classification |
| Koha item type | Books |
| Withdrawn status | Lost status | Source of classification or shelving scheme | Damaged status | Not for loan | Home library | Current library | Date acquired | Source of acquisition | Total Checkouts | Full call number | Barcode | Date last seen | Copy number | Price effective from | Koha item type |
|---|---|---|---|---|---|---|---|---|---|---|---|---|---|---|---|
| Dewey Decimal Classification | Biblioteca Pública José María del Castillo y Rada | Biblioteca Pública José María del Castillo y Rada | 12/13/2022 | Donación | 926.12809861 / C824r | 201811762 | 05/16/2024 | Ej.1 | 12/13/2022 | Books |